| 000 | 00492nam a22001817a 4500 | ||
|---|---|---|---|
| 003 | CEME | ||
| 005 | 20210628202052.0 | ||
| 008 | 210224b xxu||||| |||| 00| 0 eng d | ||
| 020 | _a81-7224-884-9 | ||
| 040 | _c. | ||
| 082 | _a628.5 NOY | ||
| 100 |
_aNoyes, Robert _96475 |
||
| 245 | _aHandbook of pollution control processes | ||
| 260 |
_aMUMBAI _bJAICO BOOKS _c2001 |
||
| 300 | _aXXXIV,758P | ||
| 650 |
_aPOLLUTION CONTROL PROCESSES; ENVIORNMENT ENGINEERING _958144 |
||
| 942 |
_cBK _2ddc |
||
| 999 |
_c568358 _d568358 |
||